| 000 | 00395nam a2200169Ia 4500 | ||
|---|---|---|---|
| 008 | 210210b2012 xxu||||| |||| 00| 0 eng d | ||
| 020 | _a9780143415282 | ||
| 082 | _a820.33 NAIS | ||
| 100 | _aNAIDU (Vayu) | ||
| 245 | _aSitas ascent | ||
| 260 |
_aND _bPenguin Books _c2012 |
||
| 300 | _aix,186 | ||
| 650 | _aSitas | ||
| 650 | _aascent | ||
| 690 | _aIndian English Fiction | ||
| 906 | _a067349 | ||
| 999 |
_c149722 _d149722 |
||